| 000 -LEADER |
| fixed length control field |
00563cam a22001571 4500 |
| 040 ## - CATALOGING SOURCE |
| Transcribing agency |
OAU |
| 082 ## - DEWEY DECIMAL CLASSIFICATION NUMBER |
| Classification number |
582 ZIM 1964 C285 Or. |
| 100 1# - MAIN ENTRY--AUTHOR NAME |
| Personal name |
Zimmermann, Martin Huldrych, |
| 245 14 - TITLE STATEMENT |
| Title |
The formation of wood in forest trees; |
| Remainder of title |
the second symposium held under the auspices of the Maria Moors Cabot Foundation for Botanical Research, Harvard Forest, April, 1963. |
| 260 ## - PUBLICATION, DISTRIBUTION, ETC. (IMPRINT) |
| Place of publication |
New York, |
| Name of publisher |
Academic Press, |
| Year of publication |
1964. |
| 300 ## - PHYSICAL DESCRIPTION |
| Number of Pages |
xv, 562 p. |
| Other physical details |
illus., diagrs., tables. |
| Dimensions |
24 cm. |
| 650 #0 - SUBJECT ADDED ENTRY--TOPICAL TERM |
| Topical Term |
Cambium |
| 650 #0 - SUBJECT ADDED ENTRY--TOPICAL TERM |
| Topical Term |
Trees |
| 710 2# - ADDED ENTRY--CORPORATE NAME |
| Corporate name or jurisdiction name as entry element |
Harvard University. |
| 942 ## - ADDED ENTRY ELEMENTS (KOHA) |
| Koha item type |
ADB |
| 952 ## - LOCATION AND ITEM INFORMATION (KOHA) |
| Withdrawn status [LOCAL, KOHA] |
0 |